000
00281nam a2200121Ia 4500
008
190216s9999||||xx |||||||||||||| ||und||
100
_a
Vaikom Muhammad Basheer
245
0
_a
Jeevitha Nizhalpadukal
260
_b
Dc Books Kottayam
300
_a
40
650
_a
Novel
942
_c
BK
999
_c
29219
_d
29219